Państwa Oceanii - Ciemna wersja - Statystyki

Ogólne statystyki
  • Ten quiz został rozwiązany 77 razy
  • Średni wynik to 12 z 14
Odpowiedzi na mapie
Odpowiedzi zakodowano w zielono-czerwonej skali na mapie do tego quizu, zgodnie z poniższymi procentami.
 
Statystyki odpowiedzi
Kraj % Poprawnych
Australia
98%
Mikronezja
95%
Nowa Zelandia
94%
Fidżi
92%
Nauru
92%
Papua-Nowa Gwinea
92%
Vanuatu
89%
Wyspy Marshalla
88%
Palau
86%
Tuvalu
86%
Kiribati
85%
Wyspy Salomona
82%
Samoa
80%
Tonga
80%
Nie znaleziono quizów pasujących do podanych kryteriów
Rozkład punktacji
Procent ludzi z każdym wynikiem
Percentyl według liczby udzielonych odpowiedzi
Twoja historia wyników
Nie rozwiązałeś tego quizu